[Event "Match"]
[Site "www.echecsemail.com"]
[Date "2016.01.05"]
[Round "1"]
[White "Forest"]
[Black "Tldarr"]
[WhiteElo "1570"]
[BlackElo "1499"]
[Result "1-0"]
[Round "1"]
1.d4 Nb8c6
2.d5 Nc6e5
3.e4 d6
4.f4 Bc8g4
5.Bf1e2 Bg4xe2
6.Qd1xe2 Ne5g6
7.Ng1f3 Ra8b8
8.O-O Ng6xf4
9.Bc1xf4 e5
10.Bf4g5 f6
11.Bg5e3 Ng8h6
12.Nb1d2 f5
13.Be3g5 Bf8e7
14.Bg5xe7  { time }
1-0

[Event "Match"]
[Site "www.echecsemail.com"]
[Date "2016.01.05"]
[Round "1"]
[White "Forest"]
[Black "Karlgrocer"]
[WhiteElo "1570"]
[BlackElo "1980"]
[Result "1/2-1/2"]
[Round "1"]
1.d4 d5
2.c4 c6
3.Ng1f3 Ng8f6
4.Nb1c3 e6
5.e3 Bf8e7
6.Bf1d3 dxc4
7.Bd3xc4 O-O
8.O-O b6
9.b3 Bc8a6
10.Bc4xa6 Nb8xa6
11.Bc1b2 Na6c7
12.Ra1c1 Nc7d5
13.Nc3xd5 cxd5
14.Nf3e5 Be7d6
15.Qd1e2 Bd6xe5
16.dxe5 Nf6d7
17.Rf1d1 Qd8g5
18.f4 Qg5g6
19.Qe2d3 Qg6xd3
20.Rd1xd3 Nd7c5
21.Rd3d1 Ra8c8
22.Bb2d4 Nc5e4
23.Kf1 Rf8e8
24.Ke2 { draw }
1/2-1/2

[Event "Match"]
[Site "www.echecsemail.com"]
[Date "2016.01.05"]
[Round "1"]
[White "Leeds"]
[Black "Tonino1"]
[WhiteElo "1720"]
[BlackElo "2040"]
[Result "1-0"]
[Round "1"]
1.c4 Ng8f6
2.Nb1c3 g6
3.g3 Bf8g7
4.Bf1g2 O-O
5.d4 d6
6.e4 c6
7.Ng1e2 Qd8c7
8.O-O Nb8d7
9.h3 e5
10.d5 a6
11.Bc1e3 c5
12.Qd1d2 Rf8e8
13.Be3h6 Bg7h8
14.f4 b6
15.Rf1f2 Bc8b7
16.Ra1f1 Re8e7
17.f5 Bh8g7
18.Bh6xg7 Kxg7
19.g4 g5
20.Qd2xg5 Kf8
21.Qg5h6 Kg8
22.g5 Nf6e8
23.f6 Nd7b8
24.fxe7 Nb8d7
25.Rf2xf7 Ra8c8
26.Qh6xh7 { resign }
1-0

[Event "Match"]
[Site "www.echecsemail.com"]
[Date "2016.01.05"]
[Round "1"]
[White "Darknight"]
[Black "Forest"]
[WhiteElo "1640"]
[BlackElo "1570"]
[Result "1-0"]
[Round "1"]
1.e4 c6
2.Bf1c4 d5
3.exd5 cxd5
4.Bc4b3 Ng8f6
5.h3 Nb8c6
6.d4 e6
7.c3 Bf8e7
8.Bb3c2 O-O
9.Ng1f3 b6
10.g4 Bc8b7
11.g5 Nf6d7
12.h4 g6
13.Bc1f4 Rf8e8
14.Qd1d3 a6
15.h5 Nd7f8
16.a3 b5
17.h6 Nc6a5
18.b3 Na5c6
19.Qd3e3 Be7d6
20.Nf3e5 Nc6xe5
21.Bf4xe5 Qd8c7
22.Qe3f4 Ra8d8
23.Qf4f6 Bd6xe5
24.dxe5 { resign }
1-0

[Event "Match"]
[Site "www.echecsemail.com"]
[Date "2016.01.05"]
[Round "1"]
[White "Acucar1"]
[Black "Mdesouza"]
[WhiteElo "1770"]
[BlackElo "2170"]
[Result "1-0"]
[Round "1"]
1.e4 e6
2.Nb1c3 d5
3.d4 Ng8f6
4.e5 Nf6d7
5.Qd1g4 c5
6.Nc3b5 cxd4
7.Ng1f3 Nb8c6
8.Qg4g3 Qd8b6
9.Bf1e2 Nc6b4
10.Nb5xd4 g6
11.O-O Bf8g7
12.Bc1e3 Qb6d8
13.Be3g5 Qd8b6
14.Bg5e3 Nd7c5
15.Qg3f4 Qb6a5
16.Nd4b3 Nc5xb3
17.axb3 Qa5c7
18.Qf4xb4 { resign }
1-0

[Event "Match"]
[Site "www.echecsemail.com"]
[Date "2016.01.05"]
[Round "1"]
[White "Tonino1"]
[Black "Pariolinius"]
[WhiteElo "1990"]
[BlackElo "2040"]
[Result "1-0"]
[Round "1"]
1.d4 Ng8f6
2.Ng1f3 e6
3.e3 d5
4.Bf1d3 Bf8e7
5.b3 c6
6.Bc1b2 Nb8d7
7.Nb1d2 O-O
8.O-O b6
9.Nf3e5 Qd8c7
10.f4 c5
11.g4 h6
12.Ra1c1 Nf6h7
13.Qd1f3 Ra8b8
14.c4 Nh7f6
15.g5 hxg5
16.fxg5 Nf6h7
17.h4 Nd7xe5
18.dxe5 d4
19.exd4 Bc8b7
20.Nd2e4 Rb8d8
21.Qf3g3 g6
22.Ne4f6 Be7xf6
23.gxf6 Kh8
24.h5 gxh5
25.Qg3g7 { resign }
1-0

[Event "Match"]
[Site "www.echecsemail.com"]
[Date "2016.01.05"]
[Round "1"]
[White "Coraza"]
[Black "Wagner"]
[WhiteElo "1710"]
[BlackElo "1710"]
[Result "0-1"]
[Round "1"]
1.e4 e5
2.Bf1c4 g6
3.Qd1f3 Ng8f6
4.Qf3b3 Nf6xe4
5.Bc4xf7 Ke7
6.Bf7d5 Ne4c5
7.Qb3b4 d6
8.d4 Nc5d7
 { time }
0-1

[Event "Match"]
[Site "www.echecsemail.com"]
[Date "2016.01.05"]
[Round "1"]
[White "Luzhin"]
[Black "Tonino1"]
[WhiteElo "2250"]
[BlackElo "2040"]
[Result "1/2-1/2"]
[Round "1"]
1.e4 c5
2.c3 d5
3.exd5 Qd8xd5
4.d4 cxd4
5.cxd4 Nb8c6
6.Ng1f3 e5
7.Nb1c3 Bf8b4
8.Bc1d2 Bb4xc3
9.Bd2xc3 Bc8g4
10.dxe5 Bg4xf3
11.Qd1xf3 Qd5xf3
12.gxf3 O-O-O
13.Rh1g1 g6
14.e6 f6
15.Ra1d1 Ng8e7
16.Bc3xf6 Rd8xd1
17.Kxd1 Rh8f8
18.Bf6xe7 Nc6xe7
19.Rg1g3 Ne7f5
20.Rg3h3 h5
21.f4 Nf5d4
22.e7 Rf8e8
23.Bf1d3 Re8xe7
24.Bd3xg6 Nd4e2
25.Rh3e3 Ne2xf4
26.Re3xe7 Nf4xg6
27.Re7h7 { draw }
1/2-1/2

[Event "Tourn. n8512"]
[Site "www.chess-mail.com"]
[Date "2016.01.06"]
[Round "1"]
[White "Genius7"]
[Black "Wwgia"]
[WhiteElo "2050"]
[BlackElo "2220"]
[Result "1/2-1/2"]
[Round "1"]
1.d4 Ng8f6
2.Ng1f3 g6
3.Nb1d2 Bf8g7
4.e4 d6
5.Bf1e2 O-O
6.O-O b6
7.Be2d3 Bc8b7
8.Qd1e2 Nb8d7
9.c3 e5
10.dxe5 dxe5
11.Rf1e1 Nf6h5
12.Nd2b3 a5
13.a4 Qd8e7
14.Bc1g5 f6
15.Bg5e3 Ra8d8
16.Bd3c2 f5
17.exf5 gxf5
18.Qe2c4 { draw }
1/2-1/2

[Event "Tourn. n8446"]
[Site "www.chess-mail.com"]
[Date "2016.01.06"]
[Round "1"]
[White "Norlavuaram"]
[Black "Bira47"]
[WhiteElo "2150"]
[BlackElo "2010"]
[Result "1/2-1/2"]
[Round "1"]
1.e4 c5
2.Ng1f3 e6
3.c4 Nb8c6
4.Nb1c3 a6
5.d3 Nc6d4
6.g3 h6
7.Bf1g2 Ng8e7
8.O-O Ne7g6
9.Bc1e3 Bf8e7
10.h3 O-O
11.Ra1b1 Nd4xf3
12.Bg2xf3 Ng6e5
13.Bf3g2 d6
14.f4 Ne5c6
15.a3 Nc6d4
16.b4 b6
17.e5 Ra8a7
18.Nc3e2 Nd4xe2
19.Qd1xe2 f5
20.exd6 Be7xd6
21.Rf1e1 Qd8f6
22.Qe2c2 e5
23.fxe5 Bd6xe5
24.bxc5 Be5d4
25.Bg2d5 Kh8
26.cxb6 Bd4xe3
27.Re1xe3 Ra7e7
28.Re3xe7 Qf6xe7
29.Qc2f2 Bc8b7
30.Bd5xb7 Qe7xb7
31.d4 Qb7e4
32.Rb1b2 Rf8e8
33.b7 Re8b8
34.Kh2 Rb8xb7
35.Rb2xb7 Qe4xb7
36.Qf2c2 Qb7d7
37.d5 a5
38.Qc2d3 a4
39.c5 Kg8
40.Qd3c4 Kf8
41.Qc4d4 Kf7
42.Kg2 Qd7e7
43.Kf2 h5
44.d6 Qe7e6
45.Qd4d3 Qe6a2
46.Kf3 Qa2e6
47.d7 Qe6c6
48.Ke2 Qc6g2
49.Kd1 Qg2g1
50.Ke2 Qg1g2
51.Kd1 Qg2g1
52.Ke2 Qg1g2
53.Kd1 Qg2g1
54.Kd2 Qg1g2
55.Kc3 Ke7
56.d8Q 
1/2-1/2

[Event "Tourn. n8528"]
[Site "www.chess-mail.com"]
[Date "2016.01.06"]
[Round "1"]
[White "Cathar"]
[Black "Seger"]
[WhiteElo "2300"]
[BlackElo "2760"]
[Result "0-1"]
[Round "1"]
1.d4 Ng8f6
2.c4 e6
3.Ng1f3 b6
4.g3 Bc8b7
5.Bf1g2 Bf8b4
6.Bc1d2 Bb4e7
7.O-O O-O
8.Nb1c3 c6
9.Nf3e5 d6
10.Ne5d3 d5
11.cxd5 cxd5
12.Qd1b3 Nf6e4
13.Bd2e1 Nb8c6
14.e3 Qd8d7
15.Nc3xe4 dxe4
16.Nd3b4 Nc6a5
17.Qb3d1 Na5c4
18.b3 Nc4d6
19.Nb4c2 Bb7a6
{ resign }
0-1

[Event "Tourn. n8439"]
[Site "www.chess-mail.com"]
[Date "2016.01.06"]
[Round "1"]
[White "Panham"]
[Black "Wwgia"]
[WhiteElo "2150"]
[BlackElo "2200"]
[Result "1-0"]
[Round "1"]
1.e4 c5
2.Ng1f3 Nb8c6
3.Bf1b5 g6
4.O-O Bf8g7
5.c3 Ng8f6
6.Rf1e1 O-O
7.d4 d5
8.e5 Nf6e8
9.Bc1f4 cxd4
10.cxd4 Bc8d7
11.Bb5d3 Ne8c7
12.Nb1c3 f6
13.Ra1c1 fxe5
14.Bf4xe5 Nc6xe5
15.Nf3xe5 Bd7e8
16.Qd1e2 e6
17.Qe2c2 Ra8c8
18.Qc2d2 Qd8h4
19.Ne5f3 Rf8xf3
20.gxf3 Bg7h6
21.Qd2e2 Be8f7
22.Qe2f1 Qh4xd4
23.Rc1d1 Qd4h4
24.Qf1g2 Nc7e8
25.Qg2g4 Qh4d8
26.f4 Ne8f6
27.Qg4f3 a6
28.Bd3c2 b5
29.a3 Qd8c7
30.f5 gxf5
31.Kh1 Bf7h5
32.Qf3g2 Kh8
33.Rd1d4 Rc8g8
34.Qg2h3 Qc7g7
35.Rd4d3 Nf6g4
36.Qh3g2 Qg7f6
37.Re1g1 Rg8c8
38.Bc2b1 d4
39.Nc3e2 e5
40.Rd3f3 f4
41.Ne2g3 Bh5f7
42.Bb1f5 Bf7d5
43.Bf5xc8 Qf6h4
44.Bc8xg4 Qh4xg4
45.Ng3e4 Qg4xg2
46.Kxg2 Bd5xe4
47.Rg1e1 Be4xf3
48.Kxf3 { resign }
1-0

[Event "Tourn. n8528"]
[Site "www.chess-mail.com"]
[Date "2016.01.06"]
[Round "1"]
[White "Faerieking"]
[Black "Cathar"]
[WhiteElo "2280"]
[BlackElo "2300"]
[Result "0-1"]
[Round "1"]
1.e4 c5
2.d4 cxd4
3.c3 Ng8f6
4.e5 Nf6d5
5.Ng1f3 d6
6.Bf1c4 dxe5
7.Nf3xe5 e6
8.O-O Bf8e7
9.cxd4 O-O
10.Nb1c3 Nd5xc3
11.bxc3 Nb8d7
12.f4 Qd8c7
13.Qd1d3 b6
14.Rf1f3 Bc8b7
15.Rf3h3 g6
16.Bc1d2 Ra8c8
17.Bc4b3 Nd7f6
18.Ra1e1 Bb7d5
19.c4 Bd5b7
20.Ne5xg6 hxg6
21.Re1xe6 Kg7
22.Re6e1 Rf8h8
23.Rh3g3 Nf6h5
24.Rg3g4 Nh5f6
25.Rg4g5 Nf6e4
26.Rg5e5 Ne4xd2
27.Re5xe7 Qc7xf4
28.Re7xb7 Qf4xh2
29.Kf2 Qh2f4
{ resign }
0-1

[Event "Tourn. n8572"]
[Site "www.chess-mail.com"]
[Date "2016.01.06"]
[Round "1"]
[White "Attatroll"]
[Black "Bojan"]
[WhiteElo "1980"]
[BlackElo "2060"]
[Result "1-0"]
[Round "1"]
1.e4 e5
2.f4 exf4
3.Ng1f3 Bf8c5
4.d4 Bc5b6
5.Bc1xf4 h6
6.Bf1c4 Ng8f6
7.Nb1d2 d6
8.c3 a6
9.Qd1b3 Qd8e7
10.O-O Nb8c6
11.Ra1e1 Bc8d7
12.e5 dxe5
13.Nf3xe5 O-O-O
14.Ne5xc6 Qe7xe1
15.Rf1xe1 Bd7xc6
16.Re1e7 Nf6d5
17.Bc4xd5 Bc6xd5
18.Qb3c2 g6
19.Nd2e4 f5
20.Ne4f6 Bd5c6
21.Bf4e5 Rh8f8
22.b4 f4
23.a4 Rd8d6
24.Be5xd6 cxd6
25.Qc2xg6 Bc6xa4
26.Qg6f5 Kb8
27.Nf6d7 { resign }
1-0

[Event "Tourn. n8476"]
[Site "www.chess-mail.com"]
[Date "2016.01.06"]
[Round "1"]
[White "Iko"]
[Black "Neo"]
[WhiteElo "1720"]
[BlackElo "1860"]
[Result "0-1"]
[Round "1"]
1.e4 e5
2.Ng1f3 d6
3.d4 f6
4.d5 b6
5.Bf1d3 Bc8b7
6.c4 Nb8d7
7.O-O Qd8e7
8.Nb1c3 O-O-O
9.Nc3b5 Kb8
10.Qd1a4 a5
11.b4 axb4
12.Qa4xb4 Bb7a6
13.a4 Nd7c5
14.Nf3e1 g6
15.a5 Nc5xd3
16.Ne1xd3 Ba6xb5
17.Qb4xb5 Qe7d7
18.axb6 Qd7xb5
19.bxc7 Kxc7
20.cxb5 Rd8b8
21.Ra1a7 Kd8
22.Ra7a5 Ke8
23.Bc1e3 Bf8e7
24.Rf1a1 Be7d8
25.b6 Bd8xb6
26.Ra5a8 Rb8xa8
27.Ra1xa8 Bb6d8
28.Be3b6 Kd7
29.Bb6xd8 Ng8e7
30.Nd3b4 Rh8xd8
31.Ra8a7 Ke8
32.Nb4c6 Ne7xc6
33.Ra7xh7 Nc6e7
34.g4 Ne7g8
35.Rh7g7 Ng8e7
36.h4 Kf8
37.Rg7h7 Rd8e8
38.h5 Kg8
39.Rh7h6 Kg7
40.Rh6xg6 Ne7xg6
41.hxg6 Kxg6
42.f4 exf4
43.g5 fxg5
44.e5 dxe5
45.d6 Re8d8
46.Kg2 Rd8xd6
47.Kf3 Kf5
48.Kf2 g4
49.Kg2 f3
50.Kf2 Kf4
51.Kf1 e4
52.Kf2 e3
53.Kg1 e2
54.Kh2 g3
55.Kh3 e1Q
56.Kh4 Qe1e7
57.Kh3 Qe7h7

0-1

[Event "Tourn. n8503"]
[Site "www.chess-mail.com"]
[Date "2016.01.06"]
[Round "1"]
[White "Redabond"]
[Black "Sonny1000"]
[WhiteElo "1610"]
[BlackElo "1689"]
[Result "1-0"]
[Round "1"]
1.d4 d5
2.Nb1c3 c6
3.Bc1f4 Nb8d7
4.e3 Ng8f6
5.Bf1d3 Qd8b6
6.Ra1b1 a6
7.Ng1f3 h6
8.O-O c5
9.dxc5 Qb6xc5
10.Rf1e1 Nf6g4
11.Bd3f5 Qc5c4
12.Qd1xd5 Qc4c6
13.Qd5xc6 bxc6
14.Bf5xg4 g5
15.Bg4xd7 Bc8xd7
16.Bf4g3 f6
17.e4 a5
18.e5 f5
19.e6 Bd7c8
20.h3 Ra8a6
21.Nf3d4 Rh8g8
22.Nd4xf5 Bc8b7
23.Nf5xh6 Rg8g6
24.Nh6f7 Rg6f6
25.Rb1d1 Rf6xe6
26.Re1xe6 Kxf7
27.Re6e5 Ra6b6
28.Re5xg5 Rb6xb2
29.Rg5xa5 Rb2xc2
30.Nc3e4 Rc2c4
31.f3 Bf8h6
32.Ra5a7 Bb7c8
33.Ne4d6 Ke6
34.Nd6xc4 Kf7
35.Nc4d6 Kg6
36.Nd6xc8 Bh6e3
37.Bg3f2 Be3g5
38.Nc8xe7 Bg5xe7
39.Ra7xe7 c5
40.Rd1d6 Kf5
41.Kh2 c4
42.Re7c7 c3
43.Rc7c5 Kf4
44.Rd6d4 { resign }
1-0

[Event "Match"]
[Site "www.echecsemail.com"]
[Date "2016.01.06"]
[Round "1"]
[White "Fangshuo"]
[Black "Tonino1"]
[WhiteElo "2140"]
[BlackElo "1990"]
[Result "0-1"]
[Round "1"]
1.e4 c5
2.Ng1f3 d6
3.c3 Ng8f6
4.Qd1c2 Nb8c6
5.d4 cxd4
6.cxd4 e6
7.Bf1b5 Bc8d7
8.Nb1c3 a6
9.Bb5a4 b5
10.Ba4b3 Nc6a5
11.Bc1g5 Na5xb3
12.Qc2xb3 Bf8e7
13.O-O h6
14.Bg5f4 O-O
15.d5 e5
16.Bf4g3 Nf6h5
17.Nc3e2 Nh5xg3
18.hxg3 Kh7
19.Nf3h2 f5
20.f3 Qd8b6
21.Kh1 Ra8c8
22.g4 fxe4
23.fxe4 Rf8f2
24.Rf1xf2 Qb6xf2
25.Qb3d3 Be7g5
26.Ra1f1 Qf2e3
27.Qd3xe3 Bg5xe3
28.Ne2g3 Be3f4
29.Ng3f5 Bf4xh2
30.Kxh2 Bd7xf5
31.gxf5 Kg8
32.Rf1f2 Rc8c4
33.Rf2e2 b4
34.b3 Rc4c3
35.g3 Kf7
36.Kh3 Kf6
37.Kh4 g5
38.Kg4 h5
39.Kxh5 Rc3xg3
40.Re2c2 Rg3c3
41.Rc2g2 Rc3h3
{ resign }
0-1

[Event "Match"]
[Site "www.echecsemail.com"]
[Date "2016.01.06"]
[Round "1"]
[White "Olddog55"]
[Black "Duff"]
[WhiteElo "1600"]
[BlackElo "1740"]
[Result "0-1"]
[Round "1"]
1.d4 Ng8f6
2.Ng1f3 d5
3.e3 Nb8c6
4.Bf1d3 Bc8g4
5.h3 Bg4h5
6.c4 e6
7.Qd1a4 Bh5xf3
8.gxf3 Bf8b4
9.Bc1d2 Bb4xd2
10.Nb1xd2 O-O
11.e4 dxe4
12.fxe4 Qd8xd4
13.Qa4c2 Rf8d8
14.Bd3e2 Nc6b4
15.Qc2d1 Nf6xe4
16.Nd2b3 Qd4xf2
{ resign }
0-1

[Event "Match"]
[Site "www.echecsemail.com"]
[Date "2016.01.06"]
[Round "1"]
[White "Jaguar91"]
[Black "Pariolinius"]
[WhiteElo "2110"]
[BlackElo "2020"]
[Result "1-0"]
[Round "1"]
1.e4 d6
2.d4 Ng8f6
3.Nb1c3 g6
4.Bc1e3 Bf8g7
5.Qd1d2 c6
6.f3 O-O
7.Bf1d3 Nb8d7
8.Ng1h3 b5
9.Be3h6 Rf8e8
10.O-O Bc8b7
11.Bh6xg7 Kxg7
12.f4 e5
13.dxe5 dxe5
14.f5 Nd7c5
15.fxg6 hxg6
16.Nh3g5 Re8h8
17.Rf1xf6 Qd8xf6
18.Ra1f1 Qf6e7
19.Rf1xf7 { resign }
1-0

[Event "Match"]
[Site "www.echecsemail.com"]
[Date "2016.01.06"]
[Round "1"]
[White "0o0o0"]
[Black "Whitekknight"]
[WhiteElo "1370"]
[BlackElo "1910"]
[Result "1-0"]
[Round "1"]
1.e4 e5
2.Ng1f3 d6
3.d4 exd4
4.Nf3xd4 Ng8f6
5.Nb1c3 Bc8d7
6.f3 Bf8e7
7.Bc1e3 Nb8c6
8.Qd1d2 Nc6xd4
9.Be3xd4 O-O
10.O-O-O a6
11.Kb1 h6
12.g4 g5
13.h4 Nf6h7
14.Bf1c4 Bd7e6
15.Bc4b3 Be6xb3
16.axb3 Be7f6
17.Bd4e3 gxh4
18.Be3xh6 Rf8e8
19.g5 Bf6xg5
20.Rd1g1 Kh8
21.Bh6xg5 f6
22.Bg5xh4 Re8f8
23.Qd2h6 Qd8e7
24.Nc3d5 Qe7d8
25.Qh6g7 
1-0

[Event "Match"]
[Site "www.echecsemail.com"]
[Date "2016.01.06"]
[Round "1"]
[White "Tonino1"]
[Black "Darknight"]
[WhiteElo "1990"]
[BlackElo "1620"]
[Result "1-0"]
[Round "1"]
1.d4 d5
2.Ng1f3 h6
3.e3 e6
4.Bf1d3 Bf8d6
5.b3 Ng8f6
6.Bc1b2 a6
7.Nb1d2 Nb8c6
8.O-O g5
9.a3 Bc8d7
10.Nf3e5 Nc6e7
11.f4 g4
12.Ne5xd7 Qd8xd7
13.g3 h5
14.c4 h4
15.c5 hxg3
16.hxg3 O-O-O
17.cxd6 Qd7xd6
18.e4 Nf6h5
19.e5 Qd6d7
20.Kg2 c6
21.Rf1h1 Rd8g8
22.b4 Kc7
23.Nd2b3 Qd7e8
24.Nb3c5 Qe8f8
25.Qd1a4 Qf8a8
26.Qa4b3 b5
27.a4 Qa8c8
28.axb5 axb5
29.Ra1a7 Kd8
30.Nc5b7 Ke8
31.Nb7d6 Kf8
32.Nd6xc8 Ne7xc8
33.Ra7c7 Nc8e7
34.Qb3a3 Ne7f5
35.Bd3xf5 exf5
36.Qa3a7 Kg7
37.Rc7xf7 Kg6
38.Rh1xh5 Rh8xh5
39.Rf7f6 
1-0

[Event "Match"]
[Site "www.echecsemail.com"]
[Date "2016.01.06"]
[Round "1"]
[White "Juodivarnai"]
[Black "Tonino1"]
[WhiteElo "2180"]
[BlackElo "2050"]
[Result "0-1"]
[Round "1"]
1.e4 c5
2.Ng1f3 d6
3.d4 cxd4
4.Nf3xd4 Ng8f6
5.Nb1c3 g6
6.Bc1e3 Bf8g7
7.f3 O-O
8.Qd1d2 Rf8e8
9.O-O-O Nb8c6
10.g4 Nc6xd4
11.Be3xd4 Bc8e6
12.h4 Ra8c8
13.Kb1 a6
14.h5 Qd8a5
15.hxg6 hxg6
16.Bd4e3 Nf6xg4
17.fxg4 Rc8xc3
18.a3 Re8c8
19.Bf1d3 Rc3xa3
{ resign }
0-1

[Event "Match"]
[Site "www.echecsemail.com"]
[Date "2016.01.06"]
[Round "1"]
[White "Tonino1"]
[Black "Xkafi"]
[WhiteElo "2040"]
[BlackElo "2010"]
[Result "1-0"]
[Round "1"]
1.d4 d5
2.Ng1f3 f6
3.e3 Bc8g4
4.Bf1e2 Bg4f5
5.b3 a6
6.Bc1b2 e6
7.Nb1d2 Bf8b4
8.a3 Bb4a5
9.b4 Ba5b6
10.c4 dxc4
11.Nd2xc4 Bb6a7
12.O-O Ng8e7
13.Be2d3 Qd8d5
14.Bd3xf5 exf5
15.Qd1d3 g5
16.Rf1e1 Ne7g6
17.e4 fxe4
18.Re1xe4 Kf7
19.Nc4e3 Qd5d7
20.Qd3c4 Kg7
21.Nf3xg5 fxg5
22.d5 Kh6
23.Ne3g4 Kh5
24.Ng4f6 { resign }
1-0

[Event "1/128 Finale"]
[Site "www.chess-mail.com"]
[Date "2016.01.06"]
[Round "1"]
[White "Takfarov"]
[Black "Gatrooper"]
[WhiteElo "1909"]
[BlackElo "1520"]
[Result "0-1"]
[Round "1"]
1.e4 e5
2.Ng1f3 Nb8c6
3.Bf1c4 d6
4.h3 a6
5.a3 Bc8e6
6.Bc4xe6 fxe6
7.d3 h6
8.Bc1e3 Ng8f6
9.Nb1c3 Bf8e7
10.O-O d5
11.exd5 exd5
12.Be3d2 d4
13.Nc3e4 Nf6xe4
14.dxe4 Qd8d7
15.Qd1e2 O-O-O
16.b4 g5
17.b5 g4
18.bxc6 Qd7xc6
19.Nf3xe5 Qc6xc2
20.Rf1c1 Qc2a4
21.Ne5f7 d3
22.Qe2xg4 Kb8
23.Nf7xd8 Rh8xd8
24.Qg4g7 Qa4xe4
25.Qg7g3 Be7d6
26.Qg3e3 Qe4d5
27.Qe3f3 Qd5e5
 { time }
0-1

[Event "Tourn. n8552"]
[Site "www.chess-mail.com"]
[Date "2016.01.07"]
[Round "1"]
[White "Hundegana"]
[Black "Tonino1"]
[WhiteElo "1980"]
[BlackElo "2070"]
[Result "0-1"]
[Round "1"]
1.e4 c5
2.Qd1f3 d6
3.Bf1c4 Ng8f6
4.h3 g6
5.g4 Nb8c6
6.Bc4b5 Bf8g7
7.Bb5xc6 bxc6
8.e5 dxe5
9.Qf3xc6 Bc8d7
10.Qc6xc5 O-O
11.Qc5xe5 Nf6xg4
12.Qe5e2 Qd8b6
13.hxg4 Bg7xb2
14.Bc1xb2 Qb6xb2
15.Nb1c3 Qb2xa1
16.Nc3d1 Ra8b8
17.f3 Rb8b6
18.Kf2 Rb6e6
19.Qe2f1 Rf8b8
20.Ng1h3 Rb8b1
21.Qf1d3 Rb1xd1
22.Rh1xd1 Qa1xd1
23.Qd3xd7 Qd1e1
24.Kg2 Re6e2
25.Nh3f2 Qe1xf2
26.Kh3 Qf2h2
{ resign }
0-1

[Event "Tourn. n8499"]
[Site "www.chess-mail.com"]
[Date "2016.01.07"]
[Round "1"]
[White "Pimax"]
[Black "Norlavuaram"]
[WhiteElo "2240"]
[BlackElo "2260"]
[Result "1/2-1/2"]
[Round "1"]
1.d4 Ng8f6
2.c4 g6
3.Nb1c3 d5
4.Ng1f3 Bf8g7
5.Qd1b3 c6
6.cxd5 Nf6xd5
7.e4 Nd5xc3
8.bxc3 O-O
9.Bf1c4 e6
10.Bc1g5 Qd8a5
11.Bg5e7 Rf8e8
12.Be7d6 Nb8d7
13.e5 c5
14.O-O cxd4
15.cxd4 a6
16.Bc4d3 Qa5b6
17.Qb3xb6 Nd7xb6
18.Rf1e1 Nb6d5
19.Bd3c2 Bc8d7
20.Bc2e4 Bd7c6
21.Nf3g5 h6
22.Ng5f3 Ra8c8
23.Ra1c1 Bg7f8
24.Bd6xf8 Kxf8
25.Kh1 Nd5b4
26.Be4xc6 Rc8xc6
27.Rc1xc6 Nb4xc6
28.Re1b1 Re8e7
29.Rb1d1 Re7d7
30.h3 Nc6b4
31.a3 Nb4c6
32.Rd1d2 b5
33.Kg1 Nc6e7
34.Kf1 Ne7d5
35.Rd2c2 Rd7c7
36.Rc2xc7 Nd5xc7
37.g4 Ke7
38.h4 Nc7d5
39.Nf3d2 { draw }
1/2-1/2

[Event "Tourn. n8540"]
[Site "www.chess-mail.com"]
[Date "2016.01.07"]
[Round "1"]
[White "Maredocla"]
[Black "Neo"]
[WhiteElo "2080"]
[BlackElo "1850"]
[Result "1-0"]
[Round "1"]
1.f4 d5
2.Ng1f3 e6
3.e3 g6
4.Bf1b5 Bc8d7
5.Qd1e2 c6
6.Bb5a4 Bf8g7
7.d4 b5
8.Ba4b3 a5
9.a3 a4
10.Bb3a2 Ng8e7
11.Bc1d2 Ne7f5
12.O-O O-O
13.Bd2b4 Rf8e8
14.Nf3e5 Nb8a6
15.Nb1d2 Na6xb4
16.axb4 Bd7c8
17.c3 Bc8b7
18.Ba2b1 Re8f8
19.Bb1xf5 exf5
20.Nd2f3 Qd8e8
21.Qe2f2 Qe8e7
22.Nf3g5 Bg7xe5
23.dxe5 Kg7
24.Qf2g3 Rf8c8
25.h4 h5
26.Ng5f3 Rc8h8
27.Nf3d4 Ra8c8
28.Nd4xf5 Kf8
29.Nf5xe7 Kxe7
30.Qg3g5 Kf8
31.Qg5f6 Kg8
32.f5 Rh8h6
33.fxg6 fxg6
34.Qf6f7 Kh8
35.Qf7xb7 Rc8e8
36.Qb7xc6 Re8g8
37.Qc6f6 Rg8g7
38.Qf6f8 Kh7
39.Rf1f7 Rg7xf7
40.Qf8xf7 Kh8
41.Ra1f1 g5
42.Qf7f8 Kh7
43.Rf1f7 Kg6
44.Qf8g7 
1-0

[Event "Tourn. n8509"]
[Site "www.chess-mail.com"]
[Date "2016.01.07"]
[Round "1"]
[White "Cardiff"]
[Black "Bojan"]
[WhiteElo "1950"]
[BlackElo "2040"]
[Result "1-0"]
[Round "1"]
1.f4 b6
2.Ng1f3 Bc8b7
3.d4 e6
4.e3 Ng8f6
5.Bf1d3 d5
6.O-O Nf6e4
7.Nb1d2 Qd8f6
8.Nf3e5 Nb8c6
9.Bd3xe4 dxe4
10.Nd2xe4 Qf6h4
11.g3 Qh4e7
12.Ne4f2 f6
13.Ne5d3 f5
14.Qd1e2 O-O-O
15.Nd3e5 Nc6b4
16.a3 Nb4c6
17.Nf2d3 Qe7f6
18.c4 g5
19.Ne5xc6 Bb7xc6
20.Nd3e5 Bc6e8
21.Qe2g2 c5
22.Qg2a8 Kc7
23.Qa8xa7 Kd6
24.Qa7xb6 Ke7
25.Qb6xc5 Rd8d6
26.Bc1d2 Be8c6
27.Ne5xc6 Kf7
28.Nc6e5 Kg7
29.Qc5c7 Kg8
30.fxg5 Qf6e7
31.Qc7xe7 Bf8xe7
32.Bd2b4 { resign }
1-0

[Event "Tourn. n8561"]
[Site "www.chess-mail.com"]
[Date "2016.01.07"]
[Round "1"]
[White "Andychesston"]
[Black "Bojan"]
[WhiteElo "2000"]
[BlackElo "2100"]
[Result "0-1"]
[Round "1"]
1.e4 e5
2.Ng1f3 d6
3.d4 exd4
4.Nf3xd4 Bc8d7
5.Nb1c3 a6
6.b3 Nb8c6
7.Bf1c4 g6
8.Bc1b2 Bf8g7
9.Qd1f3 Nc6e5
10.Qf3f4 Ne5xc4
11.O-O-O Bg7h6
{ resign }
0-1

[Event "Tourn. n8477"]
[Site "www.chess-mail.com"]
[Date "2016.01.07"]
[Round "1"]
[White "Libiesse"]
[Black "Takfarov"]
[WhiteElo "2050"]
[BlackElo "1909"]
[Result "1-0"]
[Round "1"]
1.d4 e6
2.c4 d5
3.Ng1f3 Ng8f6
4.Bc1g5 Bf8e7
5.Nb1c3 O-O
6.e3 c6
7.cxd5 exd5
8.Bf1d3 h6
9.Bg5h4 Bc8g4
10.h3 Bg4h5
11.g4 Bh5g6
12.Bh4g3 Be7d6
13.Bg3h4 Nb8d7
14.Qd1c2 Bg6xd3
15.Qc2xd3 Rf8e8
16.g5 hxg5
17.Bh4xg5 Qd8c7
18.Rh1g1 Nf6e4
19.Bg5h6 Bd6f8
20.Ra1c1 Qc7d6
21.Bh6f4 Qd6e6
22.Nf3g5 Qe6e7
23.Ng5xe4 dxe4
24.Qd3e2 Ra8c8
25.Qe2g4 Qe7e6
26.Kd2 Qe6xg4
27.Rg1xg4 Nd7f6
28.Rg4g2 Nf6d5
29.Bf4h6 Kh7
30.Bh6g5 Nd5xc3
31.bxc3  { time }
1-0

[Event "Tourn. n8556"]
[Site "www.chess-mail.com"]
[Date "2016.01.07"]
[Round "1"]
[White "Tonino1"]
[Black "Heiserman"]
[WhiteElo "2030"]
[BlackElo "2170"]
[Result "0-1"]
[Round "1"]
1.d4 Ng8f6
2.Ng1f3 g6
3.e3 Bf8g7
4.Bf1d3 O-O
5.b3 d6
6.Bc1b2 Nb8d7
7.Nb1d2 b6
8.Qd1e2 Bc8b7
9.O-O Ra8c8
10.c4 Rf8e8
11.e4 e5
12.d5 Nd7c5
13.Bd3c2 c6
14.Nf3g5 cxd5
15.exd5 Nf6xd5
16.Ng5xf7 Nd5f4
17.Nf7xd8 Nf4xe2
18.Kh1 Rc8xd8
19.Ra1e1 Ne2f4
20.f3 Nf4d3
21.Bc2xd3 Nc5xd3
22.Re1b1 Nd3xb2
23.Rb1xb2 e4
24.Rb2c2 exf3
25.Nd2xf3 d5
26.cxd5 Bb7xd5
27.Rc2c7 Re8e2
28.Rc7xa7 Bd5xf3
29.gxf3 Rd8d2
30.Rf1c1 Re2xh2
31.Kg1 Bg7d4
32.Kf1 Rh2h1
{ resign }
0-1

[Event "Tourn. n8465"]
[Site "www.chess-mail.com"]
[Date "2016.01.07"]
[Round "1"]
[White "Orhany24"]
[Black "Norlavuaram"]
[WhiteElo "2010"]
[BlackElo "2270"]
[Result "1-0"]
[Round "1"]
1.d4 Ng8f6
2.c4 c5
3.d5 e6
4.Nb1c3 exd5
5.cxd5 d6
6.e4 g6
7.Bf1d3 Bf8g7
8.f4 O-O
9.Ng1f3 a6
10.a4 Rf8e8
11.O-O Bc8g4
12.h3 Bg4xf3
13.Qd1xf3 Nb8d7
14.a5 Ra8c8
15.Bc1d2 Re8f8
16.g4 Nf6e8
17.Bd3c2 c4
18.Kg2 Nd7c5
19.Kg3 Ne8c7
20.h4 Nc7b5
21.Rf1e1 Nb5d4
22.Qf3d1 Nd4xc2
23.Qd1xc2 Nc5d3
24.Re1e2 Rf8e8
25.Bd2e3 Qd8e7
26.Be3b6 Qe7f6
27.Ra1f1 Nd3c5
28.Rf1e1 Nc5d3
29.Re1f1 Qf6e7
30.Rf1f3 Nd3b4
31.Qc2d2 Nb4d3
32.Rf3e3 Bg7h6
33.g5 Bh6g7
34.e5 dxe5
35.fxe5 Bg7xe5
36.Re3xe5 Nd3xe5
37.d6 Qe7d7
38.Re2e4 Ne5d3
39.Re4d4 Nd3e5
40.Nc3d5 Re8e6
41.Nd5f6 { resign }
1-0

[Event "Tourn. n8493"]
[Site "www.chess-mail.com"]
[Date "2016.01.07"]
[Round "1"]
[White "Mitja"]
[Black "Genius7"]
[WhiteElo "1930"]
[BlackElo "1980"]
[Result "1/2-1/2"]
[Round "1"]
1.d4 d6
2.e3 Ng8f6
3.h3 g6
4.Ng1f3 Bf8g7
5.c3 O-O
6.Bf1c4 d5
7.Bc4b3 Nb8d7
8.Nb1d2 c5
9.dxc5 Nd7xc5
10.Bb3c2 Qd8c7
11.Nd2b3 Nc5xb3
12.Bc2xb3 e5
13.a3 Rf8d8
14.O-O Bc8e6
15.Bb3a2 Nf6e4
16.Nf3d2 Ra8c8
17.Qd1e2 Ne4xd2
18.Qe2xd2 b5
19.Rf1d1 a6
20.Qd2e2 Qc7b6
21.Bc1d2 Rd8d7
22.e4 dxe4
23.Ba2xe6 Qb6xe6
24.Qe2xe4 Rc8d8
25.Qe4e2 Qe6c4
26.Qe2e1 h6
27.Ra1b1 f5
28.Bd2e3 Qc4b3
29.Rd1xd7 Rd8xd7
30.Qe1e2 f4
31.Be3b6 Qb3d5
32.Bb6a5 Qd5d3
33.Qe2e1 g5
34.Qe1f1 Qd3c2
35.f3 Bg7f8
36.Ba5b4 Bf8xb4
37.axb4 Rd7d2
38.Kh1 Rd2xg2
39.Qf1xg2 Qc2xb1
40.Kh2 Qb1d3
41.Qg2g4 Qd3e2
42.Qg4g2 Qe2xg2
{ draw }
1/2-1/2